000 01025nam a2200337Mi 4500
001 95230
005 20230411090053.0
008 090622s2008 it 000 0 ita d
035 _a(OCoLC)ocn406143174
040 _aC3L
_cC3L
020 _a9788856806366
020 _a8856806363
029 0 _aC3L
_b09193464
035 _a(OCoLC)406143174
043 _ae-it---
045 _ax4x-
082 1 4 _a658
_221
049 _aGRAL
100 1 _aCarnevale, Concetta.
245 1 0 _aComunicare la sostenibilita :
_bstrumenti informativi e di reporting nelle regioni italiane /
_cConcetta Carnevale, Vittoria Carnevale.
260 _aMilano :
_bF. Angeli,
_c2008.
300 _axi, 166 p. ;
_c23 cm.
440 0 _aEconomia.
_pSez. 5 ;
_v694
500 _aC. Carnevale teaches at the Universita della Calabria.
504 _aIncludes bibliographical references.
700 1 _aCarnevale, Vittoria.
938 _aCasalini Libri
_bCASA
_n09193464
_c13.00 EUR
942 _2lcc
_cbk
994 _aC0
_bDRFGD
946 _aJP
999 _c111963
_d111963